000 00623nam a22002297a 4500
008 131007b xxu||||| |||| 00| 0 ger d
020 _a3826614135
041 0 _ager
080 _a004.3'12
100 1 _aHamann, Sabine
245 1 0 _aLogodesign
246 _bGrundlagen der digitalen Gestaltung von Logos
246 _bAnalysie von Logoarten und Markentypen
246 _bMarkenbildung und Corporate Identity
250 _a1. Botimi
260 _aGermany
_bmitp-Verlag/Bonn
_c2004
300 _a400 f.
_billustr.
_c24 com
500 _aParathenie XI.
650 0 _aKompjutera
650 0 _aDizenjo
942 _2udc
_cBK
999 _c36
_d36